Visualizzazione normale
Vista MARC
- consulenza-familiare
di Topical Term
Records bibliografici associati: 59
001 - CONTROL NUMBER
- control field: 56183
003 - CONTROL NUMBER IDENTIFIER
- control field: IT-RoPau
005 - DATE AND TIME OF LATEST TRANSACTION
- control field: 20170208115930.0
008 - FIXED-LENGTH DATA ELEMENTS
- fixed length control field: 170208|| aca||aabn | a|a d
040 ## - CATALOGING SOURCE
- Original cataloging agency: IT-RoPau
- Transcribing agency: IT-RoPau
150 ## - HEADING--TOPICAL TERM
- Topical term or geographic name entry element: consulenza-familiare
670 ## - SOURCE DATA FOUND
- Source citation: Work cat.: (IT-RoPau): Simeone Domenico 56182, L'intervista del consulente familiare, 2015